00801cam a22002413a 450000100060000000300060000600500170001200800410002904000150007004200070008505000070009210000190009924502100011826000290032850600300035751600200038765300230040765300160043065300130044670000290045983000290048885600420051725905PGUSA20140828083546.0080626s2008||||xxu|||||s|||||000 | eng d aPGUSAbeng adc 4aSB1 aCompton, D. A.14aThe $100 Prize Essay on the Cultivation of the Potato. :bPrize offered by W. T. Wylie and awarded to D. H. Compton. How to Cook the Potato, Furnished by Prof. Blot.h[electronic resource] /cD. A. Compton bProject Gutenberg,c2008 aPublic domain in the USA. aElectronic text aPlants, Cultivated aAgriculture aPotatoes1 aBlot, Pierre,d1818-1874 0aProject Gutenbergv2590540uhttp://www.gutenberg.org/ebooks/25905